Formerly French Quiz Stats

 Plays Quiz not verified by Sporcle

Score 0/60 Timer 07:00
0 Plays Today
Continent Country % Correct
North AmericaCanada
95.9%
North AmericaUnited States of America
93.2%
EuropeGermany
91.5%
EuropeSpain
91%
EuropeBelgium
90.3%
EuropeItaly
88.4%
EuropeNetherlands
86%
North AmericaHaiti
84.7%
EuropeSwitzerland
82.6%
EuropeAndorra
81.6%
EuropeLuxembourg
81.6%
AsiaVietnam
81.6%
EuropeAustria
81.4%
AfricaAlgeria
80.9%
EuropeFrance
78.7%
AfricaMorocco
77.2%
AsiaLaos
77%
South AmericaBrazil
76%
AsiaCambodia
75.8%
AfricaTunisia
75.5%
EuropeMonaco
74.8%
North AmericaDominican Republic
74.6%
North AmericaDominica
72.9%
AfricaNiger
72.2%
AfricaSenegal
71.4%
AfricaChad
71.2%
AfricaMali (called French Sudan)
70.7%
AsiaChina
67.3%
North AmericaSt. Kitts & Nevis
65.9%
AfricaTogo (as a mandate)
65.4%
Continent Country % Correct
AfricaCameroon (as a mandate)
65.4%
EuropeUnited Kingdom (Channel Islands)
65.1%
AfricaBenin (called Dahomey)
64.9%
AfricaCôte d'Ivoire
64.9%
AfricaGuinea (called French Guinea)
64.6%
AsiaIndia
64.6%
AfricaMauritania
64.4%
North AmericaSt. Vincent & the Grenadines
63%
AfricaCentral African Republic (called Oubangui-Chari)
62.2%
North AmericaSt. Lucia
62%
North AmericaTrinidad and Tobago
59.6%
AfricaBurkina Faso (called Upper Volta)
59.6%
North AmericaAntigua and Barbuda
59.1%
AfricaMadagascar
58.4%
North AmericaGrenada
58.1%
AfricaRepublic of the Congo (called Middle Congo)
57.6%
AsiaSyria (as a mandate)
57.4%
EuropeVatican City
55.9%
AfricaGabon
55.9%
AsiaLebanon (as a mandate)
55.9%
AfricaDjibouti (called French Somaliland)
55%
AfricaComoros
54.7%
AfricaMauritius
52.3%
EuropeSlovenia
51.8%
AfricaSeychelles
51.1%
EuropeCroatia
50.6%
AsiaTurkey (partial; as a mandate)
46%
OceaniaVanuatu
41.2%
AsiaYemen
33.4%
AfricaTanzania (Zanzibar)
25.2%

You're not logged in!

Compare scores with friends on all Sporcle quizzes.
OR
Log In

Sporcle TV

Today on Sporcle TV


Watch our educational content, quiz creation guides, and fun videos on Sporcle TV.

Show Comments

Extras

Top Quizzes Today


Score Distribution

Your Account Isn't Verified!

In order to create a playlist on Sporcle, you need to verify the email address you used during registration. Go to your Sporcle Settings to finish the process.

Report this User

Report this user for behavior that violates our Community Guidelines.

Details: